Vodné elektrárne v Slovenskej republike : Využitie hydroenergetického potenciálu vodných tokov /

Salvato in:
Dettagli Bibliografici
Autori principali: Hromada, Štefan (Autore), Darmo, Anton (Autore)
Altri autori: Hromada, Štefan ml
Natura: Libro
Lingua:slovacco
Pubblicazione: Bratislava : MaaM Adaso, spol. s r. o., 2001
Tags: Aggiungi Tag
Nessun Tag, puoi essere il primo ad aggiungerne!!

MARC

LEADER 00000nam a22000003a 4500
001 0108208
003 SK-STU
005 20240131131808.9
007 ta
008 240131s ----xo-----e------000-0-----d
020 |a 80-89087-05-1 
040 |a STU  |b slo 
041 0 |a slo 
044 |a xo 
080 |a 621.311.21 
100 1 |a Hromada, Štefan  |4 aut  |r Z5 
245 1 0 |a Vodné elektrárne v Slovenskej republike :  |b Využitie hydroenergetického potenciálu vodných tokov /  |c aut. Štefan Hromada, Anton Darmo, Štefan ml Hromada 
260 |a Bratislava :  |b MaaM Adaso, spol. s r. o.,  |c 2001 
300 |a 370 s., príl. 
700 1 |a Darmo, Anton  |4 aut 
700 1 |a Hromada, Štefan ml.  |r Z5 
996 |b 284EK90516  |c E* 90516  |l EE01  |s A  |a 24  |w 0108208_0001 
996 |b 284EK90961  |c E* 90961  |l EE0101  |s P  |a 0  |w 0108208_0002